01509nam a2200397 i 450000100060000000300080000600500170001400600190003100700150005000800410006502000180010603500230012403500240014703500250017103500220019604000310021805000210024908200170027010000300028724500610031725000180037826400730039630000410046933600310051033700330054133800430057458801240061759001640074165000290090565000230093465500270095770000290098479700190101385600620103299900170109453249FlNmELB20241216232447.0m o d | cr cnu||||||||150608s2010 cl o 000 0 spa d z9789568433338 a(MiAaPQ)EBC3198725 a(Au-PeEL)EBL3198725 a(CaPaEBR)ebr10559809 a(OCoLC)1105453436 aFINmELBbspaerdacFINmELB 4aTA658bR543 20100 a624.17712231 aRiddell Carvajal, Rafael.10aDiseño estructural /cRafael Ridell C., Pedro Hidalgo. a5a edición. 1aSantiago, Chile :bEdiciones Universidad Católica de Chile,c2010. a1 recurso en línea (543 páginas) atextobtxt2rdacontent/spa acomputadorabc2rdamedia/spa arecurso en líneabcr2rdacarrier/spa aDescripción basada en recurso en línea; Título de la página del título en PDF (e-libro, visto June 08, 2015). aRecurso electrónico. Santa Fe, Arg.: e-libro, 2015. Disponible vía World Wide Web. El acceso puede estar limitado para las bibliotecas afiliadas a e-libro. 4aDiseño de estructuras. 0aStructural design. 4aLibros electrónicos.1 aHidalgo Oyanedel, Pedro.2 ae-libro, Corp.40uhttps://elibro.net/ereader/politecnicointernacional/68621 c53249d53249